The Importance of Machine Translation diplomová práca

Enregistré dans:
Détails bibliographiques
Auteur principal: Španková, Michaela
Collectivité auteur: Fakulta aplikovaných jazykov EU v Bratislave. Katedra jazykovedy a translatológie
Autres auteurs: Stradiotová, Eva, 1963-
Format: Livre
Langue:anglais
Publié: Bratislava 2018
Tags: Ajouter un tag
Pas de tags, Soyez le premier à ajouter un tag!

MARC

LEADER 00000nbm a2200000 4500
001 0244023
005 20181011145457.2
041 0 |a eng 
044 |a SK 
245 1 0 |a The Importance of Machine Translation  |b diplomová práca  |c Michaela Španková ; školiteľ: Eva Stradiotová 
264 1 |a Bratislava  |c 2018 
300 |a 80 s. 
100 1 |a Španková, Michaela 
700 1 |a Stradiotová, Eva, 1963- 
710 2 |a Fakulta aplikovaných jazykov EU v Bratislave. Katedra jazykovedy a translatológie